000
00507nam a2200133Ia 4500
008
100328s9999 xx 000 0 und d
082
_b
37550
100
_a
कुलकर्णी श्री.वा.
245
_a
सहशालेय उपक्रम संच 1-भा-3
260
_b
अतुल बुक एजन्सी
630
_a
सहशालेय उपक्रम संच 1-भा-3
730
_a
सहशालेय उपक्रम संच 1-भा-3
942
_c
BOOK
999
_c
526949
_d
526946